[Event "6I Torneo Ciudad de Pontevedra 2018"]
[Site "Pontevedra ESP"]
[Date "2018.08.10"]
[Round "3.12"]
[White "Samoun, Florent"]
[Black "Puga Sanchez, Miguel"]
[Result "0-1"]
[WhiteElo "2334"]
[BlackElo "2109"]
[PlyCount "74"]
[EventDate "2018.08.08"]
[EventType "swiss"]
[EventRounds "9"]
[EventCountry "ESP"]
[SourceTitle "Ajedrez en Madrid"]
[Source "lmi"]
[SourceDate "2018.08.08"]

1. e4 c5 2. Nf3 d6 3. g3 Nc6 4. Bg2 g6 5. O-O Bg7 6. c3 e5 7. a3 Nge7 8. b4 O-O
9. d3 f5 10. Qb3+ Kh8 11. Ng5 Qe8 12. Ne6 Qf7 13. exf5 gxf5 14. Bd5 Nxd5 15.
Nxf8 f4 16. Nxh7 Kxh7 17. Nd2 Bf6 18. bxc5 Be6 19. Nc4 dxc5 20. Nd6 Qe7 21.
Qxb7 Qxb7 22. Nxb7 Nxc3 23. Nxc5 Bh3 24. Re1 Nd4 25. f3 Nxf3+ 26. Kf2 Nxe1 27.
Kxe1 Rc8 28. Ne4 Nxe4 29. dxe4 f3 30. Kf2 Bg2 31. Be3 Be7 32. Bxa7 Ra8 33. Be3
Rxa3 34. Rc1 Rxe3 35. Rc7 Re2+ 36. Kg1 Bh3 37. Rxe7+ Kg6 0-1

[Event "6I Torneo Ciudad de Pontevedra 2018"]
[Site "Pontevedra ESP"]
[Date "2018.08.10"]
[Round "3.13"]
[White "Rodriguez Lopez, Rafael"]
[Black "Perez Carballo, David"]
[Result "1/2-1/2"]
[WhiteElo "2312"]
[BlackElo "2090"]
[PlyCount "58"]
[EventDate "2018.08.08"]
[EventType "swiss"]
[EventRounds "9"]
[EventCountry "ESP"]
[SourceTitle "Ajedrez en Madrid"]
[Source "lmi"]
[SourceDate "2018.08.08"]

1. e4 e6 2. d4 d5 3. Nd2 Nf6 4. e5 Nfd7 5. Bd3 c5 6. c3 Nc6 7. Ne2 cxd4 8. cxd4
f6 9. exf6 Nxf6 10. Nf3 Bd6 11. O-O O-O 12. Bf4 Nh5 13. Bxd6 Qxd6 14. Qc2 h6
15. Bh7+ Kh8 16. Bg6 Nf4 17. Nxf4 Rxf4 18. Rad1 Bd7 19. Qe2 Raf8 20. Bb1 Be8
21. Qd3 R8f5 22. Qe3 Rxf3 23. gxf3 Rf6 24. Qd3 Bg6 25. Qc3 Bh5 26. Rd3 Qf4 27.
Re1 Bg6 28. Rd2 Bh5 29. Rd3 Bg6 1/2-1/2

[Event "6I Torneo Ciudad de Pontevedra 2018"]
[Site "Pontevedra ESP"]
[Date "2018.08.10"]
[Round "3.14"]
[White "Fernandez Lopez, Ruben"]
[Black "Krutti, Valer"]
[Result "0-1"]
[WhiteElo "2106"]
[BlackElo "2312"]
[PlyCount "50"]
[EventDate "2018.08.08"]
[EventType "swiss"]
[EventRounds "9"]
[EventCountry "ESP"]
[SourceTitle "Ajedrez en Madrid"]
[Source "lmi"]
[SourceDate "2018.08.08"]

1. e4 c6 2. d4 d5 3. e5 Bf5 4. h4 h6 5. g4 Bd7 6. Qf3 e6 7. g5 c5 8. g6 f5 9.
exf6 Nxf6 10. Bh3 Nc6 11. Ne2 Bd6 12. c4 O-O 13. cxd5 Nxd5 14. Qg2 cxd4 15. Nd2
d3 16. Nc3 Nf4 17. Qe4 Nb4 18. Kd1 Bc6 19. Qe1 Nc2 20. Qg1 Bxh1 21. Qxh1 Nxa1
22. Nde4 Nc2 23. Bxf4 Bxf4 24. Ng5 Bxg5 25. Bxe6+ Kh8 0-1

[Event "6I Torneo Ciudad de Pontevedra 2018"]
[Site "Pontevedra ESP"]
[Date "2018.08.10"]
[Round "3.15"]
[White "Gil Reguera, Juan Carlos"]
[Black "Cabezas Ayala, Ivan"]
[Result "0-1"]
[WhiteElo "2085"]
[BlackElo "2308"]
[PlyCount "98"]
[EventDate "2018.08.08"]
[EventType "swiss"]
[EventRounds "9"]
[EventCountry "ESP"]
[SourceTitle "Ajedrez en Madrid"]
[Source "lmi"]
[SourceDate "2018.08.08"]

1. Nf3 Nf6 2. g3 g6 3. Bg2 Bg7 4. d3 O-O 5. O-O d6 6. Nbd2 e5 7. c3 a5 8. Qc2
Re8 9. a4 Nc6 10. b3 d5 11. Ba3 e4 12. dxe4 dxe4 13. Ng5 e3 14. fxe3 h6 15.
Nge4 Nd5 16. Nc4 f5 17. Nc5 Nxc3 18. Nd3 Be6 19. Nf4 Bf7 20. Rae1 Qf6 21. g4
Ne5 22. Nxe5 Qxe5 23. gxf5 Qxe3+ 24. Kh1 g5 25. Ne6 Bxe6 26. fxe6 Qxe6 27. Bb2
Nd5 28. Bxg7 Kxg7 29. e4 Nf4 30. Qxc7+ Re7 31. Qc3+ Kg8 32. e5 Rc8 33. Qg3 Kh8
34. h4 Nxg2 35. Qxg2 Rc3 36. hxg5 hxg5 37. Rf8+ Kh7 38. Rf3 Rxf3 39. Qxf3 Kg6
40. Qe4+ Qf5 41. Qxf5+ Kxf5 42. Rc1 Rxe5 43. Rc7 b6 44. Rc6 Re6 45. Rc4 Re3 46.
Kg2 Rxb3 47. Rc6 g4 48. Rc8 Rb4 49. Rb8 Ke4 0-1

[Event "6I Torneo Ciudad de Pontevedra 2018"]
[Site "Pontevedra ESP"]
[Date "2018.08.10"]
[Round "3.16"]
[White "Andias, Joao Pedro Menezes"]
[Black "Forgas Moreno, Yaniela"]
[Result "1-0"]
[WhiteElo "2036"]
[BlackElo "2299"]
[PlyCount "73"]
[EventDate "2018.08.08"]
[EventType "swiss"]
[EventRounds "9"]
[EventCountry "ESP"]
[SourceTitle "Ajedrez en Madrid"]
[Source "lmi"]
[SourceDate "2018.08.08"]

1. e4 c5 2. Nf3 d6 3. Bb5+ Nd7 4. d4 cxd4 5. Qxd4 a6 6. Bxd7+ Bxd7 7. c4 Nf6 8.
Nc3 g6 9. O-O Bg7 10. h3 O-O 11. Qd3 Rc8 12. Bd2 Bc6 13. Rac1 a5 14. Nd4 Nd7
15. Nxc6 bxc6 16. b3 Nc5 17. Qe2 Ne6 18. Be3 Qc7 19. c5 Nxc5 20. Bxc5 dxc5 21.
Na4 Bd4 22. Rc4 e5 23. Nxc5 Qd6 24. Nb7 Qc7 25. Nc5 Qa7 26. Rfc1 Kh8 27. Kh1
Qe7 28. Nd3 c5 29. Qc2 f5 30. Nxc5 f4 31. Ne6 Rxc4 32. Qxc4 f3 33. Nxf8 fxg2+
34. Kg1 Qf6 35. Rc2 Qf3 36. Ne6 Qxh3 37. Qc8# 1-0

[Event "6I Torneo Ciudad de Pontevedra 2018"]
[Site "Pontevedra ESP"]
[Date "2018.08.10"]
[Round "3.17"]
[White "Galiana Fernandez, Adrian"]
[Black "Gonzalez Perez, Jose Ramon"]
[Result "1/2-1/2"]
[WhiteElo "2291"]
[BlackElo "2074"]
[PlyCount "95"]
[EventDate "2018.08.08"]
[EventType "swiss"]
[EventRounds "9"]
[EventCountry "ESP"]
[SourceTitle "Ajedrez en Madrid"]
[Source "lmi"]
[SourceDate "2018.08.08"]

1. e4 e5 2. Nf3 Nc6 3. Bb5 a6 4. Ba4 Nf6 5. d3 b5 6. Bb3 Be7 7. a4 b4 8. O-O
O-O 9. a5 d6 10. Be3 Bg4 11. h3 Bh5 12. g4 Bg6 13. Nh4 Qd7 14. Nd2 Nd8 15. f4
exf4 16. Rxf4 Ne6 17. Rf1 c6 18. Nxg6 hxg6 19. g5 Nh5 20. Qg4 d5 21. Nf3 Rad8
22. exd5 cxd5 23. Ne5 Qd6 24. d4 Nc5 25. Nxf7 Rxf7 26. dxc5 Rxf1+ 27. Rxf1 Qe5
28. Bd4 Qg3+ 29. Qxg3 Nxg3 30. c6 Ne2+ 31. Kh1 Nxd4 32. c7 Rc8 33. Bxd5+ Kh7
34. Rf4 Nf5 35. Rc4 Bd6 36. Bb7 Rxc7 37. Bxa6 Ra7 38. Rc6 Bf4 39. h4 Bc7 40.
Bc4 Bxa5 41. Rc8 Rc7 42. Bg8+ Kh8 43. Ra8 Rc5 44. Bf7+ Kh7 45. Bg8+ Kh8 46.
Bc4+ Kh7 47. Bg8+ Kh8 48. Bf7+ 1/2-1/2

[Event "6I Torneo Ciudad de Pontevedra 2018"]
[Site "Pontevedra ESP"]
[Date "2018.08.10"]
[Round "3.18"]
[White "Santos, Ricardo Alexandre L"]
[Black "Garcia Trobat, Francisco"]
[Result "1-0"]
[WhiteElo "2010"]
[BlackElo "2266"]
[PlyCount "129"]
[EventDate "2018.08.08"]
[EventType "swiss"]
[EventRounds "9"]
[EventCountry "ESP"]
[SourceTitle "Ajedrez en Madrid"]
[Source "lmi"]
[SourceDate "2018.08.08"]

1. e4 c5 2. Nf3 d6 3. d4 cxd4 4. Nxd4 Nf6 5. Nc3 Nc6 6. Bg5 Bd7 7. Qd2 Rc8 8.
O-O-O Nxd4 9. Qxd4 Qa5 10. f4 Rxc3 11. bxc3 e5 12. Qb4 Qxb4 13. cxb4 Nxe4 14.
Bh4 g5 15. fxg5 Be7 16. Bc4 h6 17. Rdf1 Nxg5 18. Bd5 Ne6 19. Bxe7 Kxe7 20. c3
a5 21. a3 axb4 22. axb4 Bc6 23. Bxc6 bxc6 24. Kd2 Nf4 25. g3 Nd5 26. Rf5 Ra8
27. Rhf1 Ra2+ 28. Kd3 Ra3 29. Rxf7+ Ke6 30. Rh7 Nxc3 31. Rxh6+ Kd5 32. g4 Ne4+
33. Ke2 Ra2+ 34. Ke3 Ra3+ 35. Ke2 Nc3+ 36. Kf3 Nd1+ 37. Ke2 Ne3 38. Rg1 Ke4 39.
Rxd6 Nc4 40. Rxc6 Ra2+ 41. Ke1 Ne3 42. Rc3 Rxh2 43. g5 Kf3 44. Rxe3+ Kxe3 45.
g6 Re2+ 46. Kd1 Rd2+ 47. Kc1 Rd8 48. g7 Rg8 49. b5 Kf2 50. Rg6 e4 51. Kd1 Rd8+
52. Kc2 Rg8 53. Rf6+ Ke1 54. Rf7 e3 55. b6 e2 56. b7 Rc8+ 57. Kb3 Rg8 58. Rf8
Kd2 59. Rxg8 e1=Q 60. Rd8+ Kc1 61. Rc8+ Kd2 62. Rc2+ Kd1 63. g8=Q Qe6+ 64. Rc4
Qe3+ 65. Ka4 1-0

[Event "6I Torneo Ciudad de Pontevedra 2018"]
[Site "Pontevedra ESP"]
[Date "2018.08.10"]
[Round "3.19"]
[White "Garcia Sobrino, David"]
[Black "Ferreno Sanmartin, Angel"]
[Result "1-0"]
[WhiteElo "2211"]
[BlackElo "2050"]
[PlyCount "87"]
[EventDate "2018.08.08"]
[EventType "swiss"]
[EventRounds "9"]
[EventCountry "ESP"]
[SourceTitle "Ajedrez en Madrid"]
[Source "lmi"]
[SourceDate "2018.08.08"]

1. e4 c5 2. Nf3 d6 3. Bb5+ Bd7 4. Bxd7+ Qxd7 5. c4 Nf6 6. Nc3 Nc6 7. d4 cxd4 8.
Nxd4 g6 9. f3 Nxd4 10. Qxd4 Bg7 11. Be3 O-O 12. Qd3 a6 13. O-O Rab8 14. a4 Rfc8
15. b3 Qe6 16. Rab1 Nd7 17. Nd5 Ne5 18. Qe2 Nc6 19. Rfd1 Rf8 20. Qd3 f5 21.
exf5 Rxf5 22. Bf2 Ne5 23. Qe4 Qf7 24. Bh4 Re8 25. Bg3 h5 26. Kh1 Rf8 27. Ne3
Rf6 28. Qxb7 Kh8 29. Bxe5 dxe5 30. Rd7 Re6 31. Qe4 Qe8 32. Rbd1 Kh7 33. Nd5 Qf7
34. b4 Rd6 35. Rc7 Qe8 36. Rb1 Qxa4 37. Rxe7 Rf5 38. Rg1 a5 39. Ne3 Rf8 40.
Qxe5 Rdf6 41. Qc7 Rg8 42. bxa5 Ra6 43. Nd5 Qxa5 44. Nf6+ 1-0

[Event "6I Torneo Ciudad de Pontevedra 2018"]
[Site "Pontevedra ESP"]
[Date "2018.08.10"]
[Round "3.20"]
[White "Lopez De Turiso, Jose Angel"]
[Black "Costa, Paulo"]
[Result "0-1"]
[WhiteElo "1990"]
[BlackElo "2170"]
[PlyCount "74"]
[EventDate "2018.08.08"]
[EventType "swiss"]
[EventRounds "9"]
[EventCountry "ESP"]
[SourceTitle "Ajedrez en Madrid"]
[Source "lmi"]
[SourceDate "2018.08.08"]

1. d4 Nf6 2. c4 e6 3. Nc3 Bb4 4. e3 O-O 5. Bd3 c5 6. Nge2 d5 7. O-O dxc4 8.
Bxc4 Nc6 9. a3 Bxc3 10. bxc3 e5 11. Bb2 Qe7 12. Qc2 Bd7 13. a4 Na5 14. Bb5 Rfc8
15. Ba3 b6 16. dxc5 bxc5 17. Rfd1 Be6 18. Nc1 Qc7 19. Bd3 Rd8 20. Rb1 e4 21.
Bf1 Nc4 22. Bxc4 Bxc4 23. h3 Rxd1+ 24. Qxd1 Rd8 25. Qc2 h5 26. Rb2 Rd5 27. Nb3
Qd6 28. Nd4 Qd7 29. Ne2 Rd1+ 30. Kh2 Ra1 31. Bxc5 Qc7+ 32. g3 Qxc5 33. Nd4 Qc8
34. Ne2 Qf5 35. f4 Qd7 36. Rb4 Ra2 37. Rb2 Qxa4 0-1

[Event "6I Torneo Ciudad de Pontevedra 2018"]
[Site "Pontevedra ESP"]
[Date "2018.08.10"]
[Round "3.21"]
[White "Alvarez Pampillon, Antonio"]
[Black "Prado Lobo, Jonas"]
[Result "0-1"]
[WhiteElo "1696"]
[BlackElo "2143"]
[PlyCount "128"]
[EventDate "2018.08.08"]
[EventType "swiss"]
[EventRounds "9"]
[EventCountry "ESP"]
[SourceTitle "Ajedrez en Madrid"]
[Source "lmi"]
[SourceDate "2018.08.08"]

1. d4 e6 2. c4 b6 3. Nf3 Bb7 4. g3 c5 5. Bg2 cxd4 6. O-O Bxf3 7. Bxf3 Nc6 8.
Nd2 Be7 9. Nb3 Bf6 10. Bg2 Nge7 11. Bd2 O-O 12. Qc2 Rc8 13. c5 d6 14. cxb6 Qxb6
15. Rac1 Ne5 16. Qb1 Nc4 17. Rfd1 a5 18. Rxc4 Rxc4 19. Nxa5 Ra4 20. b4 Rb8 21.
Qb3 Qb5 22. Be4 Nd5 23. Bd3 Qd7 24. b5 Nb6 25. Nc4 Qa7 26. Nxb6 Rxb6 27. Rc1 g6
28. Bh6 Bd8 29. Qxa4 Qxa4 30. Rc8 f5 31. Rxd8+ Kf7 32. Bg5 Rb7 33. Rxd6 Qxa2
34. b6 Qa3 35. Rc6 Qa1+ 36. Kg2 Qa8 37. f3 Qb8 38. Bf4 e5 39. Bc4+ Ke8 40. Re6+
Re7 41. Bxe5 Qb7 42. Bb5+ Kf7 43. Rf6+ Kg7 44. Re6+ Kg8 45. Rxe7 Qxe7 46. Bc7
Qc5 47. Bd3 Kf7 48. Ba6 Ke7 49. Bd3 Kd7 50. Ba6 Kc6 51. Bd8 Qd5 52. Bc7 g5 53.
Bd3 g4 54. h3 gxf3+ 55. exf3 Qa2+ 56. Kg1 Qa1+ 57. Kf2 Qb2+ 58. Kg1 Qc1+ 59.
Bf1 d3 60. Kf2 Qd2+ 61. Kg1 Qe3+ 62. Kh2 Qf2+ 63. Bg2 d2 64. f4+ Kd7 0-1

[Event "6I Torneo Ciudad de Pontevedra 2018"]
[Site "Pontevedra ESP"]
[Date "2018.08.10"]
[Round "3.22"]
[White "Torrado Quintela, Julio"]
[Black "Levi, Netanel"]
[Result "1/2-1/2"]
[WhiteElo "2195"]
[BlackElo "1961"]
[PlyCount "83"]
[EventDate "2018.08.08"]
[EventType "swiss"]
[EventRounds "9"]
[EventCountry "ESP"]
[SourceTitle "Ajedrez en Madrid"]
[Source "lmi"]
[SourceDate "2018.08.08"]

1. d4 d6 2. e4 Nf6 3. Nc3 e5 4. dxe5 dxe5 5. Qxd8+ Kxd8 6. Nf3 Bd6 7. Be3 h6 8.
O-O-O Ke7 9. Nd2 Bb4 10. Nb5 Bxd2+ 11. Rxd2 Na6 12. f3 b6 13. Bc4 Be6 14. Bxe6
Kxe6 15. Rhd1 Ke7 16. g4 g5 17. h4 Rhg8 18. hxg5 hxg5 19. a3 Rg6 20. Rd3 Ne8
21. Rd7+ Ke6 22. Rd8 Rxd8 23. Rxd8 Nd6 24. Nxd6 cxd6 25. Ra8 Rf6 26. Rxa7 Rxf3
27. Bxg5 f6 28. Bxf6 Nc5 29. Bd8 Nxe4 30. b3 b5 31. Rb7 Nc3 32. Ba5 Rf1+ 33.
Kb2 Nd1+ 34. Ka2 Ne3 35. Rxb5 Nxc2 36. Rb8 Nd4 37. Bc3 Rf2+ 38. Kb1 Rf1+ 39.
Kb2 Rf2+ 40. Kb1 Rf1+ 41. Ka2 Rf2+ 42. Kb1 1/2-1/2

[Event "6I Torneo Ciudad de Pontevedra 2018"]
[Site "Pontevedra ESP"]
[Date "2018.08.10"]
[Round "3.23"]
[White "Villar Perez, Samuel"]
[Black "Bottazzi, Ulysse"]
[Result "1/2-1/2"]
[WhiteElo "2170"]
[BlackElo "1847"]
[PlyCount "84"]
[EventDate "2018.08.08"]
[EventType "swiss"]
[EventRounds "9"]
[EventCountry "ESP"]
[SourceTitle "Ajedrez en Madrid"]
[Source "lmi"]
[SourceDate "2018.08.08"]

1. d4 Nf6 2. Nf3 g6 3. c4 Bg7 4. Nc3 O-O 5. e4 d6 6. Be2 e5 7. Be3 Nc6 8. d5
Ne7 9. Nd2 Nd7 10. b4 f5 11. f3 Nf6 12. c5 Nh5 13. Nc4 fxe4 14. fxe4 Nf4 15.
Bf1 h5 16. h4 Bg4 17. Qd2 g5 18. g3 Neg6 19. gxf4 Nxh4 20. Rxh4 exf4 21. Rxg4
fxe3 22. Nxe3 hxg4 23. Nxg4 Rf4 24. Be2 a5 25. b5 Qe7 26. O-O-O Raf8 27. Rh1
Kf7 28. b6 cxb6 29. c6 Rh8 30. Rxh8 Bxh8 31. cxb7 Qxb7 32. e5 Qc7 33. Qd3 Bg7
34. Kb1 Rb4+ 35. Kc2 dxe5 36. d6 Qd7 37. Qd5+ Kf8 38. Bc4 Rxc4 39. Qxc4 Qxd6
40. Ne4 Qd7 41. Nxg5 Qf5+ 42. Kb3 Qxg5 1/2-1/2

[Event "6I Torneo Ciudad de Pontevedra 2018"]
[Site "Pontevedra ESP"]
[Date "2018.08.10"]
[Round "3.24"]
[White "Rebole Arbea, Jose Ignacio"]
[Black "Otero Nogueira, Brais"]
[Result "1-0"]
[WhiteElo "2143"]
[BlackElo "2068"]
[PlyCount "57"]
[EventDate "2018.08.08"]
[EventType "swiss"]
[EventRounds "9"]
[EventCountry "ESP"]
[SourceTitle "Ajedrez en Madrid"]
[Source "lmi"]
[SourceDate "2018.08.08"]

1. g3 Nf6 2. Bg2 g6 3. c4 Bg7 4. Nc3 d6 5. e3 O-O 6. Nge2 e5 7. O-O c6 8. d3
Re8 9. h3 Nbd7 10. b4 Nf8 11. a4 d5 12. cxd5 cxd5 13. d4 e4 14. Qb3 Ne6 15. a5
h5 16. Nf4 Nxf4 17. exf4 Be6 18. Be3 Qd7 19. Kh2 h4 20. Na4 Bf8 21. Nc5 Bxc5
22. bxc5 hxg3+ 23. fxg3 Kg7 24. Rab1 Bxh3 25. Bxh3 Rh8 26. f5 gxf5 27. Bf4
Rxh3+ 28. Kxh3 Rh8+ 29. Kg2 1-0

[Event "6I Torneo Ciudad de Pontevedra 2018"]
[Site "Pontevedra ESP"]
[Date "2018.08.10"]
[Round "3.25"]
[White "Fernandez Garcia, Gumersindo"]
[Black "Casares Cabanas, Carlos"]
[Result "1-0"]
[WhiteElo "1980"]
[BlackElo "2113"]
[PlyCount "126"]
[EventDate "2018.08.08"]
[EventType "swiss"]
[EventRounds "9"]
[EventCountry "ESP"]
[SourceTitle "Ajedrez en Madrid"]
[Source "lmi"]
[SourceDate "2018.08.08"]

1. d4 Nf6 2. c4 g6 3. Nc3 Bg7 4. e4 d6 5. Bg5 h6 6. Be3 Ng4 7. Bc1 e5 8. d5 f5
9. Bd3 O-O 10. f3 Nf6 11. Be3 Na6 12. Qd2 Nc5 13. O-O-O a6 14. Kb1 Nxd3 15.
Qxd3 Bd7 16. h3 b5 17. c5 b4 18. Nce2 fxe4 19. Qd2 Kh7 20. c6 Bc8 21. Qxb4 a5
22. Qa4 exf3 23. Nxf3 Qe7 24. Nc3 Nh5 25. Rhe1 Bxh3 26. Nh4 Bc8 27. Rh1 Ng3 28.
Rhe1 Nf5 29. Nxf5 Bxf5+ 30. Ka1 g5 31. Rh1 Kg8 32. g4 Bg6 33. Ne4 Rab8 34. a3
Rf3 35. Rde1 Qf8 36. Qc4 Qe7 37. Bd2 Ra8 38. Qb5 a4 39. Qb7 Rff8 40. Qb5 Qd8
41. Qc4 Qb8 42. Ka2 Qc8 43. Rhf1 Rxf1 44. Rxf1 Qa6 45. Qxa6 Rxa6 46. Nc3 Bd3
47. Rc1 Ra8 48. Be3 Bc4+ 49. Ka1 Rf8 50. Nxa4 Bxd5 51. Bb6 Rc8 52. Ba5 Be6 53.
Nc3 Bxg4 54. Nd5 Kf7 55. Rf1+ Ke6 56. Nxc7+ Rxc7 57. Bxc7 Be2 58. Rc1 Ba6 59.
Bb6 g4 60. b4 e4+ 61. Ka2 Be5 62. b5 Bc8 63. Be3 d5 1-0

[Event "6I Torneo Ciudad de Pontevedra 2018"]
[Site "Pontevedra ESP"]
[Date "2018.08.10"]
[Round "3.26"]
[White "Van der Veen, Ronald"]
[Black "Paiva, Henrique M A Alberg"]
[Result "0-1"]
[WhiteElo "1984"]
[BlackElo "2080"]
[PlyCount "100"]
[EventDate "2018.08.08"]
[EventType "swiss"]
[EventRounds "9"]
[EventCountry "ESP"]
[SourceTitle "Ajedrez en Madrid"]
[Source "lmi"]
[SourceDate "2018.08.08"]

1. d4 d5 2. c4 c6 3. Nf3 Nf6 4. Nc3 e6 5. g3 Nbd7 6. Bg2 Be7 7. O-O O-O 8. c5
b6 9. b4 a5 10. b5 Bb7 11. bxc6 Bxc6 12. cxb6 Qxb6 13. Rb1 Qa6 14. Bf4 Bb4 15.
Qb3 Bxc3 16. Qxc3 Bb5 17. e3 Rac8 18. Qa3 Bxf1 19. Bxf1 Qc6 20. Bd6 Rfe8 21.
Bb5 Qc2 22. Qb2 Qxb2 23. Rxb2 Rc1+ 24. Kg2 Rec8 25. Ba4 Nf8 26. Ne5 Ne4 27. Be7
Nc3 28. Bc6 Nd1 29. Rd2 Ng6 30. Ba3 Rc3 31. Bd7 Rb8 32. Bd6 Rb1 33. Nd3 Rc4 34.
Bc5 e5 35. dxe5 Nxe5 36. Nxe5 Rxc5 37. Bf5 Ra1 38. Nd7 Rb5 39. Bc2 Nc3 40. Bd3
Rb7 41. Nc5 Rc7 42. Rb2 g6 43. Na6 Rc8 44. Nb8 Rxa2 45. Rb7 Nd1 46. Nd7 Rxf2+
47. Kh3 Nxe3 48. Ra7 Rc3 49. Bb5 Rcc2 50. Ra8+ Kg7 0-1

[Event "6I Torneo Ciudad de Pontevedra 2018"]
[Site "Pontevedra ESP"]
[Date "2018.08.10"]
[Round "3.27"]
[White "Florez Rodriguez, Diego"]
[Black "Lemstra, Bart"]
[Result "1/2-1/2"]
[WhiteElo "2112"]
[BlackElo "1929"]
[PlyCount "145"]
[EventDate "2018.08.08"]
[EventType "swiss"]
[EventRounds "9"]
[EventCountry "ESP"]
[SourceTitle "Ajedrez en Madrid"]
[Source "lmi"]
[SourceDate "2018.08.08"]

1. d4 d5 2. Nf3 Nf6 3. g3 e6 4. Bg2 c5 5. O-O Nc6 6. c4 dxc4 7. Na3 cxd4 8.
Nxc4 Bc5 9. Bf4 O-O 10. Rc1 Nd5 11. Nce5 Qb6 12. Nxc6 Nxf4 13. gxf4 bxc6 14.
Ne5 f6 15. Nd3 Be7 16. Rxc6 Qa5 17. b4 Bxb4 18. Rc4 Rb8 19. Nxb4 Rxb4 20. Qxd4
Rxc4 21. Qxc4 Qb6 22. f5 Ba6 23. Qxe6+ Qxe6 24. fxe6 Bc4 25. e7 Re8 26. Rc1
Bxa2 27. Ra1 Bc4 28. Ra4 Be6 29. Rxa7 Kf7 30. Be4 g6 31. Kg2 Rxe7 32. Ra4 Bb3
33. Rb4 Rxe4 34. Rxb3 Rxe2 35. h4 h5 36. Kg3 Re4 37. f3 Rc4 38. Rb6 g5 39. hxg5
h4+ 40. Kh3 fxg5 41. Ra6 Rf4 42. Ra7+ Ke6 43. Ra6+ Kf5 44. Ra5+ Kg6 45. Ra3 Rd4
46. Ra5 Rd2 47. Ra8 Rf2 48. Rf8 Kg7 49. Rf5 Kg6 50. Rf8 Re2 51. Ra8 Kf7 52. Kg4
Rg2+ 53. Kf5 Rg3 54. Ra7+ Ke8 55. Ke6 Kd8 56. Kf6 h3 57. Rh7 Ke8 58. Re7+ Kf8
59. Ra7 Kg8 60. Kg6 Rxf3 61. Kxg5 h2 62. Ra8+ Kg7 63. Ra7+ Rf7 64. Ra1 Rf2 65.
Ra7+ Kf8 66. Ra8+ Kf7 67. Ra7+ Ke6 68. Rh7 Rg2+ 69. Kf4 Kf6 70. Kf3 Ra2 71. Kg3
Kg6 72. Rxh2 Rxh2 73. Kxh2 1/2-1/2

[Event "6I Torneo Ciudad de Pontevedra 2018"]
[Site "Pontevedra ESP"]
[Date "2018.08.10"]
[Round "3.28"]
[White "Cinza Lopez, Javier"]
[Black "Del Prado Rodriguez, Xulio"]
[Result "1-0"]
[WhiteElo "2009"]
[BlackElo "1671"]
[PlyCount "105"]
[EventDate "2018.08.08"]
[EventType "swiss"]
[EventRounds "9"]
[EventCountry "ESP"]
[SourceTitle "Ajedrez en Madrid"]
[Source "lmi"]
[SourceDate "2018.08.08"]

1. g3 Nf6 2. Bg2 d5 3. d4 e6 4. Nf3 Bd6 5. c4 b6 6. cxd5 exd5 7. Nc3 O-O 8. O-O
a6 9. Bg5 Bb7 10. Qb3 Nbd7 11. Rfd1 h6 12. Bxf6 Nxf6 13. Rac1 Re8 14. a4 Ne4
15. e3 Qe7 16. Nxe4 dxe4 17. Nd2 Qg5 18. Qc2 Qg4 19. Nc4 Rac8 20. Nxd6 cxd6 21.
Qb3 Rc6 22. Rxc6 Bxc6 23. Rc1 Qd7 24. Qxb6 Bxa4 25. Qxa6 d5 26. Qb6 Rc8 27.
Rxc8+ Qxc8 28. Qc5 Qxc5 29. dxc5 Kf8 30. Bf1 Bb3 31. Bb5 Ke7 32. Bc6 Bc4 33. b4
Kd8 34. b5 Kc7 35. Kg2 g5 36. f3 f5 37. fxe4 dxe4 38. Kf2 h5 39. Be8 Kb7 40.
Ke1 h4 41. gxh4 gxh4 42. Kd2 Kc7 43. Kc3 Ba2 44. Kd4 Be6 45. Ke5 Bc8 46. Bg6
Bd7 47. c6 Bc8 48. Bxf5 h3 49. Bxc8 Kxc8 50. Kd6 Kd8 51. b6 Kc8 52. b7+ Kb8 53.
c7+ 1-0

[Event "6I Torneo Ciudad de Pontevedra 2018"]
[Site "Pontevedra ESP"]
[Date "2018.08.10"]
[Round "3.29"]
[White "Vazquez Alvarez, Antonio Jose"]
[Black "Uranga Odriozola, Inaki"]
[Result "1-0"]
[WhiteElo "1985"]
[BlackElo "1531"]
[PlyCount "63"]
[EventDate "2018.08.08"]
[EventType "swiss"]
[EventRounds "9"]
[EventCountry "ESP"]
[SourceTitle "Ajedrez en Madrid"]
[Source "lmi"]
[SourceDate "2018.08.08"]

1. d4 d5 2. c4 e6 3. Nc3 Nf6 4. cxd5 exd5 5. Bg5 Be7 6. Qc2 c6 7. e3 O-O 8. Bd3
h6 9. Bh4 Nh5 10. Bxe7 Qxe7 11. Nge2 Be6 12. a3 Nd7 13. b4 b5 14. O-O Nb6 15.
Nb1 Nc4 16. Nd2 a5 17. Qc3 Qc7 18. Nb3 Nf6 19. Nf4 Nd7 20. Bc2 Ra7 21. Qd3 Nf6
22. Nc5 Re8 23. Nfxe6 fxe6 24. f4 Nd6 25. Qc3 axb4 26. axb4 Rxa1 27. Rxa1 Nf5
28. Nxe6 Rxe6 29. Bxf5 Re7 30. Ra6 Ne4 31. Bg6 Nd6 32. Rxc6 1-0

[Event "6I Torneo Ciudad de Pontevedra 2018"]
[Site "Pontevedra ESP"]
[Date "2018.08.10"]
[Round "4.1"]
[White "Manolache, Marius"]
[Black "Demchenko, Anton"]
[Result "0-1"]
[WhiteElo "2481"]
[BlackElo "2670"]
[PlyCount "90"]
[EventDate "2018.08.08"]
[EventType "swiss"]
[EventRounds "9"]
[EventCountry "ESP"]
[SourceTitle "Ajedrez en Madrid"]
[Source "lmi"]
[SourceDate "2018.08.08"]

1. d4 Nf6 2. g3 g6 3. Bg2 Bg7 4. e4 d6 5. Ne2 O-O 6. Nbc3 e5 7. O-O b6 8. Bg5
Bb7 9. dxe5 dxe5 10. Qxd8 Rxd8 11. f4 Re8 12. fxe5 Nfd7 13. Rad1 Bxe5 14. Rd2
c6 15. Bh3 Nf8 16. Bf6 Na6 17. Bxe5 Rxe5 18. Nf4 Re7 19. Rfd1 Nc5 20. Bg2 Ncd7
21. Rd6 Ne5 22. b3 Rae8 23. Nd3 Kg7 24. Nxe5 Rxe5 25. b4 R8e7 26. a3 h5 27.
R1d2 Nh7 28. Nd1 c5 29. Nf2 c4 30. R2d4 b5 31. Rd7 Nf8 32. Rxe7 Rxe7 33. Bh3
Kf6 34. Kf1 Ke5 35. c3 Nh7 36. Ke2 Ng5 37. Bd7 a6 38. a4 Bxe4 39. axb5 Bf3+ 40.
Kd2 Bd5 41. Rxd5+ Kxd5 42. Bc6+ Kd6 43. h4 axb5 44. Bg2 Ne6 45. Ne4+ Ke5 0-1

[Event "6I Torneo Ciudad de Pontevedra 2018"]
[Site "Pontevedra ESP"]
[Date "2018.08.10"]
[Round "4.2"]
[White "Venkatesh, M.R."]
[Black "Petkov, Vladimir"]
[Result "1/2-1/2"]
[WhiteElo "2499"]
[BlackElo "2494"]
[PlyCount "86"]
[EventDate "2018.08.08"]
[EventType "swiss"]
[EventRounds "9"]
[EventCountry "ESP"]
[SourceTitle "Ajedrez en Madrid"]
[Source "lmi"]
[SourceDate "2018.08.08"]

1. e4 c5 2. Nc3 d6 3. d4 cxd4 4. Qxd4 Nc6 5. Bb5 e6 6. Nge2 Bd7 7. Bxc6 Bxc6 8.
Be3 Nf6 9. f3 Be7 10. g4 O-O 11. O-O-O Qa5 12. Ng3 b5 13. a3 Rfb8 14. Na2 d5
15. Nb4 Bxb4 16. axb4 Qc7 17. g5 e5 18. Qd2 Ne8 19. exd5 Rd8 20. Bc5 a5 21.
bxa5 Rxa5 22. Ba3 Ra4 23. Qc3 Bxd5 24. Qxc7 Nxc7 25. c3 Raa8 26. Kc2 Bxf3 27.
Rxd8+ Rxd8 28. Re1 Ne6 29. Rxe5 Bd1+ 30. Kb1 Bb3 31. Ne2 Rd1+ 32. Nc1 Bc4 33.
b3 f6 34. gxf6 gxf6 35. Rh5 Bxb3 36. Rxb5 Bc4 37. Rb8+ Kf7 38. Kc2 Rg1 39. Bd6
Rg2+ 40. Kd1 f5 41. Rb4 Bd5 42. Nd3 Be4 43. Rb2 Rxb2 1/2-1/2